Beware of Non-Supportive Leaders : Moderating Effects of Supportive Leadership on the Risks and Effects of Workplace Bullying.

Bibliographic Details
Main Author: Blomberg, Stefan.
Format: eBook
Language:English
Published: Linköping : Linkopings Universitet, 2022.
Edition:1st ed.
Series:Linköping Studies in Arts and Sciences Series
Subjects:
Online Access:Click to View
LEADER 02087nam a22003853i 4500
001 EBC30229626
003 MiAaPQ
005 20240729202204.0
006 m o d |
007 cr cnu||||||||
008 240729s2022 xx o ||||0 eng d
020 |a 9789179295325  |q (electronic bk.) 
020 |z 9789179295318 
035 |a (MiAaPQ)EBC30229626 
035 |a (Au-PeEL)EBL30229626 
035 |a (OCoLC)1359047529 
040 |a MiAaPQ  |b eng  |e rda  |e pn  |c MiAaPQ  |d MiAaPQ 
100 1 |a Blomberg, Stefan. 
245 1 0 |a Beware of Non-Supportive Leaders :  |b Moderating Effects of Supportive Leadership on the Risks and Effects of Workplace Bullying. 
250 |a 1st ed. 
264 1 |a Linköping :  |b Linkopings Universitet,  |c 2022. 
264 4 |c {copy}2022. 
300 |a 1 online resource (140 pages) 
336 |a text  |b txt  |2 rdacontent 
337 |a computer  |b c  |2 rdamedia 
338 |a online resource  |b cr  |2 rdacarrier 
490 1 |a Linköping Studies in Arts and Sciences Series ;  |v v.845 
505 0 |a Intro -- Abstract -- Preface and Acknowledgement -- Acknowledgements -- Funding -- Disclosure Statement -- List of Included Papers -- Table of Contents -- Introduction -- The World of Workplace Bullying -- The Concept of Supportive Leadership -- Theoretical Framework -- Theoretical Model and Hypotheses -- Methodology -- Results - Summary of Included Studies -- Discussion -- Conclusions and Implications -- References -- Papers. 
588 |a Description based on publisher supplied metadata and other sources. 
590 |a Electronic reproduction. Ann Arbor, Michigan : ProQuest Ebook Central, 2024. Available via World Wide Web. Access may be limited to ProQuest Ebook Central affiliated libraries.  
655 4 |a Electronic books. 
776 0 8 |i Print version:  |a Blomberg, Stefan  |t Beware of Non-Supportive Leaders  |d Linköping : Linkopings Universitet,c2022  |z 9789179295318 
797 2 |a ProQuest (Firm) 
830 0 |a Linköping Studies in Arts and Sciences Series 
856 4 0 |u https://ebookcentral.proquest.com/lib/matrademy/detail.action?docID=30229626  |z Click to View